000 00467nam a2200181Ia 4500
005 20250326125613.0
008 250326s9999 xx 000 0 und d
037 _aTextbook
040 _aFMSL
_beng
_cFMSL
041 _aeng
_2eng
084 _aX9W L1
_qFMSL
100 _aTurvey R
245 0 _aPublic enterprise
_cTurvey R
260 _aEngland
_bEngland, Penguin Books
_c1971
300 _a396p
942 _cTB
_hX9W L1
999 _c1278770
_d1278770